01496nam a2200301 ia450000500170000000800410001702000370005804000250009508200140012010000260013424500560016025000410021626400360025726400110029330000570030433600210036133700250038233800230040749000230043050000470045352005110050065000310101165000330104265000470107565500160112270000340113883000220117220260628134922.0260628t20242024enka jr 000 1 eng d a9781445190778cRM45.00qhardback aPPAKbengcPPAKerda04223a428.61 aGraves, Sue,eauthor.10aTIGER HAS A TANTRUM /cSUE GRAVES AND TREVOR DUNTON aThis edition first published in 2024 1aLondon :bFranklin Watts,c2024 4c©2024 a12 unnumbered pages :bcolour illustrations ;c18 cm atext2rdacontent aunmediated2rdamedia avolume2rdacarrier1 aBehaviour MATTERS! aFirst published in 2014 by Franklin Watts. aTiger is in a terrible mood. He has been angry with everyone all day. Then Monkey accidentally chooses the book that Tiger wanted and Tiger has a tantrum in the library. How can Miss Bird help Tiger to manage his anger, and how can he make up with his friends? A lively board book that examines feelings of anger in an amusing but reassuring way through animal characters - perfect for young children who are experiencing angry emotions. The story offers a gentle way in to discuss this difficult emotion. 10aReadersvJuvenile fiction.20aChildren's stories, English.20aBehavior modification vJuvenile fiction.  aBoard books1 aDunton, Trevor,eillustrator. 0aBehavior matters!